| 000 | 00351pam a2200145 a 4500 | ||
|---|---|---|---|
| 020 | _c | ||
| 041 | _h | ||
| 100 |
_aCOLIN DIX, CHRIS BAIRD _eAuthor |
||
| 245 |
_aFRONT OFFICE OPERATIONS _cCOLIN DIX, CHRIS BAIRD _hTextual Documents |
||
| 260 | _bPerson Education | ||
| 300 | _a213 | ||
| 653 | _aFront Office | ||
| 700 | _eCo-Author | ||
| 930 | _a1806 | ||
| 999 |
_c229207 _d229207 |
||